000 00304nam a22001337a 4500
003 SGT
082 _a617.6342
_bB14Y
100 _aYADAV, DEEPAK
245 _aBLEACHING
260 _aDELHI NCR
_bSGT UNIVERSITY GURUGRAM
_c2014
300 _a1-143
650 _aCONSERVATIVE DENTISTRY
942 _2ddc
_cTH
999 _c18636
_d18636